000
00326nam a2200133Ia 4500
008
240109s9999 xx 000 0 und d
041
_a
eng
082
_a
820
100
_a
Lorenz Patrica
245
_a
The 5 Things We Need to be Happy
260
_b
Jaico Publishing House,Mumbai
300
_a
227
650
_a
Management
999
_c
1036015
_d
1036015